| 000 | 00382nam a2200157Ia 4500 | ||
|---|---|---|---|
| 008 | 230312s9999||||xx |||||||||||||| ||und|| | ||
| 020 | _a978-81-317-1588 | ||
| 082 |
_a621.36 _bKOL-F |
||
| 100 | _aKolimbiris, Harold | ||
| 245 | 0 | _aFiber Optics Communications | |
| 260 |
_bPearson Education _aIndia _c2010 |
||
| 300 | _a649 | ||
| 546 | _aEng. | ||
| 650 | _aEngineering | ||
| 942 | _cBK | ||
| 999 |
_c3501 _d3501 |
||